Distribution Decisions in LINKS Supply Chain Management Simulation Game

Uloženo v:
Podrobná bibliografie
Další autoři: Canal ProfessorNair / YouTube
Médium: Kniha
Jazyk:angličtina
Témata:
On-line přístup:Distribution Decisions in LINKS Supply Chain Management Simulation Game
Tagy: Přidat tag
Žádné tagy, Buďte první, kdo vytvoří štítek k tomuto záznamu!

MARC

LEADER 00000nam a22000004a 4500
001 vpro9913
005 20201223000000.0
008 160430s2016 ck # g## #001 0#eng#d
020
022
040 |a CO-BoINGC 
041 0 |a eng 
245 1 0 |a Distribution Decisions in LINKS Supply Chain Management Simulation Game 
246 |a Decisiones de distribucin̤ en el juego de simulacin̤ de cadena de suministro LINKS 
264 |a Bogot ̀(Colombia) :  |b Revista VirtualPRO,  |c 2016 
520 3
650 \ \ |a LogƯ̕stica 
650 \ \ |a Logistics 
650 \ \ |a logs̕tica 
650 \ \ |a cadena de suministro 
650 \ \ |a gestin̤ de cadena de suministro 
650 \ \ |a logistics 
650 \ \ |a supply chain 
650 \ \ |a supply chain management  
700 \ \ |a Canal ProfessorNair / YouTube 
856 |z Distribution Decisions in LINKS Supply Chain Management Simulation Game  |u https://virtualpro.unach.elogim.com/biblioteca/decisiones-de-distribucion-en-el-juego-de-simulacion-de-cadena-de-suministro-links